Modely diskrétní či kvalitní volby

Teoretické poznatky o ekonometrických postupoch, ktoré vychádzajú z aplikácie regresnej analýzy na modely s diskrétnymi závisle premennými. Lineárny pravdepodobnostný model binárnej voľby. Nelineárne pravdepodobnostné modely binárnej voľby. Modely všeobecnej voľby.

Guardado en:
Detalles Bibliográficos
Autor principal: Hušek, Roman
Formato: Capítulo de libro
Lenguaje:checo
Materias:
Etiquetas: Agregar Etiqueta
Sin Etiquetas, Sea el primero en etiquetar este registro!

MARC

LEADER 00000naa a2200000 4500
001 r023916
005 20220711134358.0
041 0 |a cze 
044 |a CZ 
245 1 0 |a Modely diskrétní či kvalitní volby  |c R. Hušek 
520 |a Teoretické poznatky o ekonometrických postupoch, ktoré vychádzajú z aplikácie regresnej analýzy na modely s diskrétnymi závisle premennými. Lineárny pravdepodobnostný model binárnej voľby. Nelineárne pravdepodobnostné modely binárnej voľby. Modely všeobecnej voľby. 
610 2 0 |a modely ekonomicko-matematické 
610 2 0 |a modely ekonometrické 
610 2 0 |a pravdepodobnosť 
610 2 0 |a modely lineárne 
610 2 0 |a analýza regresná 
100 1 |a Hušek, Roman